000 00527nam a2200181Ia 4500
003 GCL
008 140319s9999 xx 000 0 ara d
040 _aGCL /
_cGCL
082 0 4 _a212.8
_bام
100 1 _aاحمد بن محمد طاحون
245 1 0 _aالمخدرات شر مستطير /
_cاحمد بن محمد طاحون
260 _a[S.N] :
_bمكتبة التراث الاسلامى ،
_c1990
300 _a46 ص
490 _a
650 0 4 _aالاسلام
650 0 4 _aالاخلاقيات
942 _2ddc
_cBK
999 _c53238
_d53238